000 00728nam a22002537a 4500
003 UA-OsUOA
001 30430
007 ta
008 20041110b un ||||| |||| 00| 0 ukr d
090 _a929:141.82
_bВ77
942 _cBK
040 _aUA-OsUOA
_brus
_cUA-OsUOA
_dUA-OsUOA
245 _aВоспоминания о Владимире Ильиче Ленине
_bВ 5-ти томах
_cРед. Г.Н.Голиков
_nВоспоминания родных
300 _a646 с.
_bІлюстрації
955 _a0
041 _arus
080 _a929:141.82
260 _aМосква
_bПолитиздат
_c1979
246 3 1 _aТ.1
_n
044 _aRU
250 _n2-е изд.
650 7 _2UDC
999 _c316842
_d316842